| 000 | 00400nam a22001697a 4500 | ||
|---|---|---|---|
| 003 | SGT | ||
| 020 | _a9789389859379 | ||
| 082 |
_a611 _bS22S |
||
| 100 | _aSPLITTGERBER, RYAN | ||
| 245 | _aSNELL'S CLINICAL NEUROANATOMY | ||
| 250 | _aS.A | ||
| 260 |
_aINDIA _bWOLT ERS KLUWER PUB _c2022 |
||
| 300 | _a562 | ||
| 650 | _aHUMAN ANATOMY | ||
| 653 | _aSNELL'S CLINICAL NEUROANATOMY | ||
| 942 |
_2ddc _cBK |
||
| 999 |
_c25281 _d25281 |
||